[Event "Santa Cruz La Palma Christmas op"]
[Site "Santa Cruz de La Palma"]
[Date "2017.12.20"]
[Round "5.3"]
[White "Thoene, Ruediger"]
[Black "Alonso Perez, Alfredo"]
[Result "1/2-1/2"]
[WhiteElo "1916"]
[BlackElo "1744"]
[PlyCount "49"]
[EventDate "2017.12.16"]
[EventType "swiss"]
[EventRounds "7"]
[EventCountry "ESP"]
[SourceTitle "EXT 2024"]
[Source "ChessBase"]
[SourceDate "2023.10.10"]
[SourceVersion "1"]
[SourceVersionDate "2023.10.10"]
[SourceQuality "1"]

1. c4 Nf6 2. b3 g6 3. Bb2 Bg7 4. Nf3 0-0 5. g3 d6 6. d4 c5 7. Bg2 cxd4 8. Nxd4 d5 9. cxd5 Nxd5 10. 0-0 Qa5 11. Qd2 Qxd2 12. Nxd2 Rd8 13. Rac1 Na6 14. e3 Nab4 15. Rc5 b6 16. Rc4 Ba6 17. Rb1 Nd3 18. Bxd5 Nxb2 19. Rxb2 Rxd5 20. Rc7 e6 21. Rbc2 Be5 22. R7c6 Bb7 23. R6c4 Rad8 24. N2f3 Bb8 25. Nc6 1/2-1/2

[Event "Santa Cruz La Palma Christmas op"]
[Site "Santa Cruz de La Palma"]
[Date "2017.12.18"]
[Round "3.11"]
[White "Thoene, Ruediger"]
[Black "Otero Campos, Sofia"]
[Result "1-0"]
[WhiteElo "1916"]
[BlackElo "1233"]
[PlyCount "69"]
[EventDate "2017.12.16"]
[EventType "swiss"]
[EventRounds "7"]
[EventCountry "ESP"]
[SourceTitle "EXT 2024"]
[Source "ChessBase"]
[SourceDate "2023.10.10"]
[SourceVersion "1"]
[SourceVersionDate "2023.10.10"]
[SourceQuality "1"]

1. c4 c5 2. g3 g6 3. Bg2 Bg7 4. Nc3 Nf6 5. e4 d6 6. Nge2 Nc6 7. 0-0 0-0 8. f4 e6 9. b3 Bd7 10. Bb2 a6 11. h3 Qc7 12. d4 cxd4 13. Nxd4 Nxd4 14. Qxd4 Qc5 15. Qxc5 dxc5 16. e5 Ne8 17. Rad1 Bc6 18. Bxc6 bxc6 19. Ne4 a5 20. Nxc5 Nc7 21. Rd7 Na6 22. Na4 Rfd8 23. Rfd1 Rxd7 24. Rxd7 Bf8 25. Bc3 Bc5+ 26. Kf1 Bb4 27. Bd4 Kg7 28. Ke2 Kf8 29. Nb6 Rb8 30. Ra7 Rd8 31. Nd7+ Ke8 32. Nf6+ Kf8 33. Be3 Nb8 34. f5 exf5 35. Bh6# 1-0

[Event "Santa Cruz de Tenerife Primavera op"]
[Site "Santa Cruz de Tenerife"]
[Date "2015.03.23"]
[Round "6"]
[White "Thoene, Ruediger"]
[Black "Bernardez Gonzalez, Roberto"]
[Result "1/2-1/2"]
[WhiteElo "1953"]
[BlackElo "1444"]
[PlyCount "39"]
[EventDate "2015.03.10"]
[EventType "swiss"]
[EventRounds "9"]
[EventCountry "ESP"]
[SourceTitle "CBM 165 Extra"]
[Source "ChessBase"]
[SourceDate "2015.04.21"]
[SourceVersion "1"]
[SourceVersionDate "2015.04.21"]
[SourceQuality "1"]

1. g3 Nf6 2. Bg2 e6 3. c4 d5 4. b3 c6 5. f4 Nbd7 6. Nf3 Be7 7. 0-0 b6 8. Kh1 Bb7 9. Bb2 Rc8 10. d3 0-0 11. Nc3 Ng4 12. Qd2 Ngf6 13. e4 dxe4 14. dxe4 Nc5 15. Qe2 Qd3 16. Qe1 Ncxe4 17. Rd1 Qc2 18. Nxe4 Qxb2 19. Rf2 Qa3 20. Nxf6+ 1/2-1/2

[Event "Santa Cruz de Tenerife Primavera op"]
[Site "Santa Cruz de Tenerife"]
[Date "2015.03.10"]
[Round "1"]
[White "Montilla Bejarano, Carmen"]
[Black "Thoene, Ruediger"]
[Result "0-1"]
[WhiteElo "1103"]
[BlackElo "1953"]
[PlyCount "86"]
[EventDate "2015.03.10"]
[EventType "swiss"]
[EventRounds "9"]
[EventCountry "ESP"]
[SourceTitle "CBM 165 Extra"]
[Source "ChessBase"]
[SourceDate "2015.04.21"]
[SourceVersion "1"]
[SourceVersionDate "2015.04.21"]
[SourceQuality "1"]

1. e4 d6 2. Nf3 g6 3. Bc4 Bg7 4. Nc3 c5 5. Ng5 e6 6. d3 h6 7. Nxf7 Kxf7 8. Qf3+ Nf6 9. 0-0 Nc6 10. Re1 Rb8 11. Bf4 Nd4 12. Qd1 b5 13. Bb3 a5 14. a4 b4 15. Ne2 Nxb3 16. cxb3 Nh5 17. Bg3 Bxb2 18. Ra2 Nxg3 19. Nxg3 Qf6 20. e5 Bxe5 21. Ne4 Qh4 22. Qf3+ Qf4 23. Qxf4+ Bxf4 24. Rae2 Be5 25. g3 Rd8 26. Re3 Bd4 27. Rf3+ Ke7 28. Rf4 Bb7 29. Rh4 Rh8 30. Kf1 Bd5 31. Rb1 Rbf8 32. f4 g5 33. Rg4 e5 34. Ke2 Be6 35. h3 exf4 36. gxf4 Bxg4+ 37. hxg4 Rxf4 38. Nd2 d5 39. Re1 Re8 40. Kd1+ Kf7 41. Rh1 Kg6 42. Nf1 Rxg4 43. Nh2 Rh4 0-1

[Event "Santa Cruz de Tenerife Autumn op"]
[Site "Santa Cruz de Tenerife"]
[Date "2014.11.05"]
[Round "5"]
[White "Sosa Sosa, Jose Manuel"]
[Black "Thoene, Ruediger"]
[Result "0-1"]
[WhiteElo "1551"]
[BlackElo "1974"]
[PlyCount "39"]
[EventDate "2014.10.27"]
[EventType "swiss"]
[EventRounds "9"]
[EventCountry "ESP"]
[SourceTitle "CBM 163 Extra"]
[Source "ChessBase"]
[SourceDate "2014.12.23"]
[SourceVersion "1"]
[SourceVersionDate "2014.12.23"]
[SourceQuality "1"]

1. d4 Nf6 2. c4 g6 3. Nc3 Bg7 4. e4 0-0 5. Bd3 Nc6 6. Nge2 e5 7. d5 Nd4 8. Rb1 c5 9. 0-0 d6 10. h3 Nh5 11. Ng3 Nf4 12. Nce2 Qh4 13. Nxf4 exf4 14. Nh1 f3 15. Re1 fxg2 16. Ng3 Qxh3 17. Be3 Bg4 18. Be2 Nxe2+ 19. Rxe2 Bf3 20. Bf4 0-1

[Event "Santa Cruz de Tenerife Autumn op"]
[Site "Santa Cruz de Tenerife"]
[Date "2014.11.03"]
[Round "4"]
[White "Thoene, Ruediger"]
[Black "Guniaeva, Olga"]
[Result "0-1"]
[WhiteElo "1974"]
[BlackElo "1685"]
[PlyCount "132"]
[EventDate "2014.10.27"]
[EventType "swiss"]
[EventRounds "9"]
[EventCountry "ESP"]
[SourceTitle "CBM 163 Extra"]
[Source "ChessBase"]
[SourceDate "2014.12.23"]
[SourceVersion "1"]
[SourceVersionDate "2014.12.23"]
[SourceQuality "1"]

1. g3 d5 2. Bg2 c5 3. Nf3 Nc6 4. 0-0 Nf6 5. d3 h6 6. a3 Bf5 7. Nbd2 e6 8. c4 Be7 9. Rb1 0-0 10. Qa4 Qb6 11. Re1 Bg6 12. Nf1 dxc4 13. Qxc4 Na5 14. Qa4 Bd6 15. b4 Nc6 16. Be3 Qc7 17. bxc5 Be7 18. Bf4 e5 19. Rxb7 Qxb7 20. Nxe5 Bxc5 21. Nxc6 Qd7 22. Qc4 Bd6 23. Bxd6 Qxd6 24. Qb4 Qxb4 25. axb4 Rae8 26. Ra1 Rxe2 27. d4 Be4 28. Ne3 Rb2 29. d5 Re8 30. Nc4 Rb1+ 31. Rxb1 Bxb1 32. N4e5 Be4 33. d6 Bxc6 34. Nxc6 Re6 35. Nxa7 Rxd6 36. Bc6 Nd7 37. Nc8 Rd1+ 38. Kg2 Kf8 39. b5 Nb8 40. Be4 Rd8 41. Na7 Nd7 42. Kf3 Nb6 43. Nc6 Rd7 44. Kf4 f6 45. Ke3 Nc4+ 46. Ke2 Rd2+ 47. Ke1 Rb2 48. Nd4 Nd6 49. Bd3 Rb4 50. Nc2 Rb3 51. Kd2 Nxb5 52. h4 Na3 53. Nd4 Rb6 54. Ke3 Kf7 55. Nf5 Nb5 56. Bc4+ Kf8 57. Bd3 Nd6 58. Nd4 Kf7 59. Be2 g6 60. Bd3 Rb8 61. Kf3 Re8 62. Kf4 Re5 63. Nc6 Rd5 64. Ke3 Nf5+ 65. Ke4 Rd6 66. Na5 Rd4+ 0-1

[Event "Santa Cruz de Tenerife Verano op"]
[Site "Santa Cruz de Tenerife"]
[Date "2014.09.10"]
[Round "9"]
[White "Gonzalez Moreno, Juan Carlos"]
[Black "Thoene, Ruediger"]
[Result "1/2-1/2"]
[WhiteElo "1671"]
[BlackElo "1989"]
[PlyCount "32"]
[EventDate "2014.08.25"]
[EventType "swiss"]
[EventRounds "9"]
[EventCountry "ESP"]
[SourceTitle "CBM 162 Extra"]
[Source "ChessBase"]
[SourceDate "2014.10.17"]
[SourceVersion "1"]
[SourceVersionDate "2014.10.17"]
[SourceQuality "1"]

1. e4 d6 2. d4 g6 3. Nc3 Bg7 4. f4 Nf6 5. e5 Ng4 6. h3 Nh6 7. g4 0-0 8. Be3 c6 9. Qd2 f5 10. exf6 exf6 11. f5 Re8 12. 0-0-0 Rxe3 13. Qxe3 gxf5 14. Re1 Na6 15. a3 Nc7 16. Bd3 fxg4 1/2-1/2

[Event "Santa Cruz de Tenerife Verano op"]
[Site "Santa Cruz de Tenerife"]
[Date "2014.08.27"]
[Round "2"]
[White "Thoene, Ruediger"]
[Black "Mendivil Anton, Daniel"]
[Result "0-1"]
[WhiteElo "1989"]
[BlackElo "2296"]
[PlyCount "72"]
[EventDate "2014.08.25"]
[EventType "swiss"]
[EventRounds "9"]
[EventCountry "ESP"]
[SourceTitle "CBM 162 Extra"]
[Source "ChessBase"]
[SourceDate "2014.10.17"]
[SourceVersion "1"]
[SourceVersionDate "2014.10.17"]
[SourceQuality "1"]

1. c4 f5 2. g3 Nf6 3. Bg2 d6 4. b4 g6 5. Nc3 Bg7 6. Bb2 0-0 7. d3 e5 8. e3 Nc6 9. b5 Ne7 10. Nge2 c6 11. 0-0 Be6 12. Rc1 g5 13. Kh1 Qd7 14. f4 Ng4 15. Qd2 gxf4 16. exf4 c5 17. Rce1 Rad8 18. Qc1 b6 19. Nd1 Ng6 20. Ne3 Nxe3 21. Qxe3 d5 22. Bxe5 Bxe5 23. fxe5 dxc4 24. dxc4 Bxc4 25. Rd1 Qe6 26. Qg5 Rxd1 27. Rxd1 Qxe5 28. Nf4 Qf6 29. Qh5 Nxf4 30. gxf4 Bxb5 31. Rg1 Kh8 32. Qf3 Rg8 33. Re1 Rxg2 34. Qxg2 Bc6 35. Re8+ Bxe8 36. Qa8 Qc6+ 0-1

[Event "Rheinland Pfalz op 5th"]
[Site "Worms"]
[Date "2013.06.01"]
[Round "5"]
[White "Schneider, Lutz Peter"]
[Black "Thoene, Ruediger"]
[Result "1/2-1/2"]
[WhiteElo "1759"]
[BlackElo "2017"]
[PlyCount "33"]
[EventDate "2013.05.30"]
[EventType "swiss"]
[EventRounds "7"]
[EventCountry "GER"]
[SourceTitle "EXT 2014"]
[Source "ChessBase"]
[SourceDate "2013.11.20"]
[SourceVersion "1"]
[SourceVersionDate "2013.11.20"]
[SourceQuality "1"]

1. e4 d6 2. Nc3 c5 3. Bc4 g6 4. d4 cxd4 5. Qxd4 Nf6 6. e5 Nc6 7. Bb5 dxe5 8. Qxd8+ Kxd8 9. Nf3 Bd7 10. Bxc6 Bxc6 11. Nxe5 Be8 12. Be3 Bg7 13. 0-0-0+ Kc7 14. Rhe1 Nd7 15. Nc4 Bxc3 16. bxc3 f6 17. Kb2 1/2-1/2

[Event "Rheinland Pfalz op 5th"]
[Site "Worms"]
[Date "2013.05.30"]
[Round "2"]
[White "Thoene, Ruediger"]
[Black "Wiedemann, Jessica"]
[Result "1/2-1/2"]
[WhiteElo "2017"]
[BlackElo "1407"]
[PlyCount "30"]
[EventDate "2013.05.30"]
[EventType "swiss"]
[EventRounds "7"]
[EventCountry "GER"]
[SourceTitle "EXT 2014"]
[Source "ChessBase"]
[SourceDate "2013.11.20"]
[SourceVersion "1"]
[SourceVersionDate "2013.11.20"]
[SourceQuality "1"]

1. c4 c5 2. b3 Nc6 3. e3 e6 4. Nf3 Nf6 5. Be2 d5 6. 0-0 Bd6 7. Bb2 0-0 8. h3 b6 9. Nc3 Bb7 10. Rc1 Bc7 11. d4 cxd4 12. Nb5 dxc4 13. Nxc7 Qxc7 14. Nxd4 Rfd8 15. Rxc4 e5 1/2-1/2

[Event "Rhein Main op-B 15th"]
[Site "Bad Homburg"]
[Date "2012.06.07"]
[Round "2"]
[White "Thoene, Ruediger"]
[Black "Neve, Peter"]
[Result "1/2-1/2"]
[WhiteElo "1995"]
[BlackElo "1797"]
[PlyCount "44"]
[EventDate "2012.06.06"]
[EventType "swiss"]
[EventRounds "7"]
[EventCountry "GER"]
[SourceTitle "EXT 2013"]
[Source "ChessBase"]
[SourceDate "2012.11.22"]
[SourceVersion "1"]
[SourceVersionDate "2012.11.22"]
[SourceQuality "1"]

1. c4 Nf6 2. b3 e6 3. e3 d5 4. Nf3 b6 5. Be2 Bb7 6. 0-0 Be7 7. cxd5 Nxd5 8. Bb2 Bf6 9. Qc1 Bxb2 10. Qxb2 0-0 11. d4 Nd7 12. b4 Qe7 13. a3 a5 14. b5 Rac8 15. Nbd2 c5 16. bxc6 Bxc6 17. Ba6 Rc7 18. Rfc1 Ra8 19. Bd3 Rac8 20. Ba6 Ra8 21. Bd3 Rac8 22. Ba6 Ra8 1/2-1/2

[Event "Karl Mala Memorial op 14th"]
[Site "Frankfurt"]
[Date "2011.07.07"]
[Round "1"]
[White "Thoene, Ruediger"]
[Black "Raum, Sebastian"]
[Result "0-1"]
[WhiteElo "1911"]
[BlackElo "2076"]
[PlyCount "68"]
[EventDate "2011.07.07"]
[EventType "swiss"]
[EventRounds "7"]
[EventCountry "GER"]
[SourceTitle "EXT 2012"]
[Source "ChessBase"]
[SourceDate "2011.11.24"]
[SourceVersion "1"]
[SourceVersionDate "2011.11.24"]
[SourceQuality "1"]

1. c4 Nf6 2. b3 g6 3. Bb2 Bg7 4. Nf3 0-0 5. g3 d5 6. Bg2 Nc6 7. cxd5 Nxd5 8. Bxg7 Kxg7 9. Qc1 e5 10. h4 f5 11. Qc5 Be6 12. Ng5 Bg8 13. Nc3 Ncb4 14. Nxd5 Nxd5 15. Rc1 c6 16. d3 Qf6 17. Rc2 h6 18. e4 hxg5 19. exd5 cxd5 20. hxg5 Qe6 21. Qc7+ Rf7 22. Qa5 e4 23. dxe4 fxe4 24. Qc3+ Kf8 25. Rh6 Re8 26. Qc5+ Kg7 27. Qxa7 Qe5 28. Qe3 d4 29. Qc1 e3 30. f4 Qa5+ 31. Ke2 d3+ 32. Kxd3 Rd7+ 33. Ke2 Rd2+ 34. Kf1 e2+ 0-1

[Event "Rhein Main op-B 14th"]
[Site "Bad Homburg"]
[Date "2011.06.23"]
[Round "3"]
[White "Fischer, Ulrich"]
[Black "Thoene, Ruediger"]
[Result "1/2-1/2"]
[WhiteElo "1727"]
[BlackElo "1911"]
[PlyCount "101"]
[EventDate "2011.06.22"]
[EventType "swiss"]
[EventRounds "7"]
[EventCountry "GER"]
[SourceTitle "EXT 2012"]
[Source "ChessBase"]
[SourceDate "2011.11.24"]
[SourceVersion "1"]
[SourceVersionDate "2011.11.24"]
[SourceQuality "1"]

1. e4 c5 2. Nf3 a6 3. c3 d5 4. exd5 Qxd5 5. d4 Nf6 6. Be2 e6 7. 0-0 Be7 8. Ne5 0-0 9. Bf3 Qd8 10. Be3 Nbd7 11. Nd2 Qc7 12. Bf4 Qd8 13. Ndc4 Ra7 14. Qc2 Nb6 15. Rad1 Nfd5 16. dxc5 Nxc4 17. Nxc4 Bxc5 18. b4 Be7 19. Ne3 Nxf4 20. Rxd8 Rxd8 21. Nc4 Bf6 22. Nb6 e5 23. Rd1 Be6 24. Rxd8+ Bxd8 25. Nd5 b5 26. Nxf4 exf4 27. h3 Bf6 28. Bg4 Bc4 29. a4 g6 30. Be2 Rc7 31. Bxc4 Rxc4 32. Qe2 Kg7 33. axb5 axb5 34. Qe8 Bxc3 35. Qxb5 Rxb4 36. Qd3 Bf6 37. Kf1 Rd4 38. Qb5 Rd2 39. Qc4 Rd4 40. Qc2 Rb4 41. Qc5 Rb2 42. Qc1 Be5 43. Qc5 f6 44. Qc4 Kh6 45. Qd5 Bc3 46. Qd3 Be5 47. Qe4 Rd2 48. Qc4 Kg5 49. Qb4 Ra2 50. Qc4 Rb2 51. Qe4 1/2-1/2

[Event "Rheinhessen-ch HTA"]
[Site "Pfeddersheim"]
[Date "2011.04.21"]
[Round "1"]
[White "Thoene, Ruediger"]
[Black "Worth, Lucas"]
[Result "1/2-1/2"]
[WhiteElo "1887"]
[BlackElo "1638"]
[PlyCount "35"]
[EventDate "2011.04.21"]
[EventType "tourn"]
[EventRounds "5"]
[EventCountry "GER"]
[SourceTitle "EXT 2012"]
[Source "ChessBase"]
[SourceDate "2011.11.24"]
[SourceVersion "1"]
[SourceVersionDate "2011.11.24"]
[SourceQuality "1"]

1. c4 Nf6 2. Nc3 g6 3. g3 Bg7 4. Bg2 0-0 5. e4 d6 6. Nge2 c5 7. 0-0 Nc6 8. d3 a6 9. h3 Rb8 10. f4 Bd7 11. a4 Ne8 12. Be3 Nc7 13. a5 Na8 14. Qa4 Nb4 15. Qd1 Nc6 16. Qa4 Nb4 17. Qd1 Nc6 18. Qa4 1/2-1/2

[Event "Rheinland Pfalz op 2nd"]
[Site "Schweich"]
[Date "2010.07.16"]
[Round "1"]
[White "Thoene, Ruediger"]
[Black "Zimmer, Luca"]
[Result "1-0"]
[WhiteElo "1911"]
[BlackElo "894"]
[PlyCount "41"]
[EventDate "2010.07.16"]
[EventType "swiss"]
[EventRounds "7"]
[EventCountry "GER"]
[SourceTitle "EXT 2012"]
[Source "ChessBase"]
[SourceDate "2011.11.24"]
[SourceVersion "1"]
[SourceVersionDate "2011.11.24"]
[SourceQuality "1"]

1. c4 e5 2. g3 Bc5 3. Nc3 d6 4. Bg2 Nf6 5. e3 Bg4 6. Nge2 0-0 7. Bxb7 Bf3 8. Bxf3 e4 9. Nxe4 Nxe4 10. Bxe4 c6 11. Qc2 Nd7 12. Bxc6 Rc8 13. Be4 Nf6 14. Bf5 Rc7 15. Nc3 Nd7 16. Bxh7+ Kh8 17. Bf5 Ne5 18. Nd5 Qa8 19. Qe4 Rcc8 20. Qh4+ Kg8 21. Qh7# 1-0